| Tag |
First Indicator |
Second Indicator |
Subfields |
| LEADER |
00000cam a2200000 a 4500 |
| 001 |
in00000011887 |
| 005 |
20151007051721.0 |
| 008 |
860925s1987 dcua b 10110 eng |
| 010 |
|
|
|a 86025760
|
| 020 |
|
|
|a 089116636X (set) :
|c $300.00 (est.)
|
| 035 |
|
|
|a (OCoLC)14377926
|
| 035 |
|
|
|9 AAA4433AM
|
| 040 |
|
|
|a DLC
|c DLC
|d m/c
|d TXA
|d UtOrBLW
|
| 049 |
|
|
|a TXAM
|v 1 [A12568435]
|v 2 [A12568443]
|v 3 [A12568485]
|
| 050 |
0 |
0 |
|a TP156.P3
|b I58 1985
|
| 082 |
0 |
|
|a 660.2/8
|2 19
|
| 111 |
2 |
|
|a International Symposium Workshop on Particulate and Multiphase Processes
|d (1985 :
|c Miami Beach, Fla.)
|
| 245 |
1 |
0 |
|a Particulate and multiphase processes /
|c edited by Teoman Ariman, T. Nejat Veziroğlu.
|
| 264 |
|
1 |
|a Washington [D.C.] :
|b Hemisphere Pub. Corp.,
|c [1987]
|
| 264 |
|
4 |
|c ©1987
|
| 300 |
|
|
|a 3 volumes :
|b illustrations ;
|c 24 cm.
|
| 336 |
|
|
|a text
|b txt
|2 rdacontent
|
| 337 |
|
|
|a unmediated
|b n
|2 rdamedia
|
| 338 |
|
|
|a volume
|b nc
|2 rdacarrier
|
| 500 |
|
|
|a "Proceedings of International Symposium Workshop on Particulate and Multiphase Processes and the 16th Annual Meeting of the Fine Particle Society, April 22-26, 1985, Miami Beach, Florida ... organized by Clean Energy Research Institute, University of Miami and the Fine Particle Society..."--Title page verso.
|
| 504 |
|
|
|a Includes bibliographies and indexes.
|
| 505 |
0 |
|
|a v. 1. General particulate phenomena -- v. 2. Contamination analysis and control -- v. 3. Colloidal and interfacial phenomena.
|
| 650 |
|
0 |
|a Particles
|v Congresses.
|
| 650 |
|
0 |
|a Multiphase flow
|v Congresses.
|
| 700 |
1 |
|
|a Ariman, Teoman.
|
| 700 |
1 |
|
|a Veziroğlu, T. Nejat.
|
| 710 |
2 |
|
|a Fine Particle Society.
|b Meeting
|n (16th :
|d 1985 :
|c Miami Beach, Fla.)
|
| 710 |
2 |
|
|a University of Miami.
|b Clean Energy Research Institute.
|
| 710 |
2 |
|
|a Fine Particle Society.
|
| 999 |
|
|
|a MARS
|
| 999 |
f |
f |
|s e8148773-62d1-3624-adf8-372e10469d1e
|i 04a3aaa1-8a90-3dc9-8610-22812736a0fe
|t 0
|
| 952 |
f |
f |
|p ric
|a Texas A&M University
|b Rellis Campus
|c Joint Library Facility
|d Remote Storage
|t 0
|e TP156.P3 I58 1985
|h Library of Congress classification
|i unmediated -- volume
|k v.1
|m A14812568435
|
| 952 |
f |
f |
|p ric
|a Texas A&M University
|b Rellis Campus
|c Joint Library Facility
|d Remote Storage
|t 0
|e TP156.P3 I58 1985
|h Library of Congress classification
|i unmediated -- volume
|k v.2
|m A14812568443
|
| 952 |
f |
f |
|p ric
|a Texas A&M University
|b Rellis Campus
|c Joint Library Facility
|d Remote Storage
|t 0
|e TP156.P3 I58 1985
|h Library of Congress classification
|i unmediated -- volume
|k v.3
|m A14812568485
|
| 998 |
f |
f |
|a TP156.P3 I58 1985
|s v.3
|t 0
|l Remote Storage
|